|
|
|
|
| LEADER |
00000nam0a2200000 4500 |
| 001 |
65611 |
| 005 |
20231101212218.0 |
| 035 |
|
|
|a (RuTPU)RU\TPU\book\69641
|
| 090 |
|
|
|a 65611
|
| 100 |
|
|
|a 20040623d2002 m y0rusy50 ca
|
| 101 |
0 |
|
|a rus
|
| 102 |
|
|
|a RU
|
| 105 |
|
|
|a a j 001zy
|
| 200 |
1 |
|
|a Газовые хроматографы. Поверка и калибровка
|e учебное пособие
|f А. П. Лепявко
|g Академия стандартизации, метрологии и сертификации (учебная) Госстандарта России
|
| 210 |
|
|
|a Москва
|c АСМС
|d 2002
|
| 215 |
|
|
|a 68 с.
|c ил.
|
| 320 |
|
|
|a Библиогр.: с. 67
|
| 330 |
|
|
|a Учебное пособие содержит основные сведения о природе хроматографического разделения газовых смесей, конструкции газового хроматографа, качественном и количественном хроматографических анализах, а также о метрологических характеристиках и методах поверки и калибровки хроматографов. Учебное пособие соответствует учебной программе дисциплины "Поверка и калибровка средств физико-химических измерений" (раздел "Поверка и калибровка хроматографов").
|
| 606 |
1 |
|
|a Хроматографы газовые
|2 stltpush
|3 (RuTPU)RU\TPU\subj\17645
|9 43227
|
| 610 |
1 |
|
|a аналитическая химия
|
| 610 |
1 |
|
|a состав
|
| 610 |
1 |
|
|a хроматограммы
|
| 610 |
1 |
|
|a анализ
|
| 610 |
1 |
|
|a градуировка
|
| 610 |
1 |
|
|a метрологические характеристики
|
| 610 |
1 |
|
|a поверка
|
| 610 |
1 |
|
|a калибровка
|
| 610 |
1 |
|
|a учебные пособия
|
| 675 |
|
|
|a 543.544.3(075.8)
|v 3
|
| 700 |
|
1 |
|a Лепявко
|b А. П.
|g Александр Петрович
|
| 712 |
0 |
2 |
|a Академия стандартизации, метрологии и сертификации (учебная) Госстандарта России
|2 stltpush
|3 (RuTPU)RU\TPU\col\802
|
| 801 |
|
1 |
|a RU
|b 63413507
|c 20040623
|g PSBO
|
| 801 |
|
2 |
|a RU
|b 63413507
|c 20141223
|g PSBO
|
| 942 |
|
|
|c BK
|
| 959 |
|
|
|a 106/20040623
|d 1
|e 180
|f ЧЗКДП:1
|